Obálka Náhled e-knihy:
Epub
Pro půjčování e-knih musíte být přihlášeni.
Jak si půjčit online?

Pražská okénka. Křivolaké putování Prahou /

Kniha čtivým způsobem předkládá zajímavosti ze života pražských osobností, pražské historie i architektonických památek.

Uloženo v:
Série:Universum, část 0
Hlavní autor: Jarolímková, Stanislava, 1947- (Autor)
Médium: E-kniha
Jazyk:Czech
Vydáno: Praha : Euromedia Group, 2022
Vydání:Vydání první
Edice:Universum (Euromedia Group)
Témata:
Příbuzné jednotky:Z cyklu:: Universum
Tagy:
Žádné tagy
LEADER 03132cam a2200649 i 4500
001 311802
003 CZ PrSKC
005 20260601215712.0
007 ta
008 220617s2022 xr acf e f 000 0dcze d
015 |a cnb003406927 
020 |a 9788024281506  |q (vázáno) :  |c Kč 359,00 
035 |a (OCoLC)1344360363 
040 |a ULG001  |b cze  |d BOA001  |e rda 
043 |a e-xr---  |b e-xr-pg  |2 czenas 
072 7 |a 908(437)  |x Vlastivěda Česka a Slovenska  |2 Konspekt 
080 |a 913:94  |2 MRF 
080 |a 728.1-021.412.1  |2 MRF 
080 |a 72:904  |2 MRF 
080 |a 929-058.1  |2 MRF 
080 |a 904:338.483.12  |2 MRF 
080 |a 908(437.311)  |2 MRF 
080 |a (437.311)  |2 MRF 
080 |a (0.062)  |2 MRF 
100 1 |a Jarolímková, Stanislava,  |d 1947-  |7 mzk2004217498  |4 aut 
245 1 0 |a Pražská okénka.  |p Křivolaké putování Prahou /  |c Stanislava Jarolímková 
246 3 0 |a Křivolaké putování Prahou 
250 |a Vydání první 
264 1 |a Praha :  |b Euromedia Group,  |c 2022 
300 |a 247 stran, 24 nečíslovaných stran obrazových příloh :  |b ilustrace (některé barevné), portréty ;  |c 21 cm 
336 |a text  |b txt  |2 rdacontent 
337 |a bez média  |b n  |2 rdamedia 
338 |a svazek  |b nc  |2 rdacarrier 
490 1 |a Universum 
504 |a Obsahuje bibliografii 
520 2 |a Kniha čtivým způsobem předkládá zajímavosti ze života pražských osobností, pražské historie i architektonických památek.  |b Populárně-naučná publikace seznamuje čtenáře se zajímavými postřehy a mikropříběhy ze života slavných pražských rodáků, uvádí zapomenuté detaily z pražského kulturního života a všímá si i zajímavostí pražských budov, ulic a paláců. Kniha je doplněna o černobílé ilustrace i barevné fotografie. 
650 0 7 |a historický místopis  |7 ph137052  |z Česko  |2 czenas 
650 0 7 |a významné domy  |7 ph242442  |z Česko  |2 czenas 
650 0 7 |a architektonické památky  |7 ph118585  |z Česko  |2 czenas 
650 0 7 |a osobnosti  |7 ph115615  |z Česko  |2 czenas 
650 0 7 |a kulturní zajímavosti  |7 ph137778  |z Česko  |2 czenas 
650 0 9 |a historical topography  |z Czechia  |2 eczenas 
650 0 9 |a memorable houses  |z Czechia  |2 eczenas 
650 0 9 |a architectural monuments  |z Czechia  |2 eczenas 
650 0 9 |a celebrities  |z Czechia  |2 eczenas 
650 0 9 |a cultural features  |z Czechia  |2 eczenas 
651 7 |a Praha (Česko)  |7 ge118011  |x vlastivěda a dějiny  |2 czenas 
651 9 |a Prague (Czechia)  |x local history and geography  |2 eczenas 
655 7 |a populárně-naučné publikace  |7 fd131864  |2 czenas 
655 9 |a popular works  |2 eczenas 
830 0 |a Universum (Euromedia Group) 
900 |a ABA001  |b 21 
044 |a xr 
787 0 8 |g 0  |i Z cyklu:  |t Universum 
910 |a RBIT002 
998 |d 366228  |a https://core.palmknihy.cz/api/books/366228/cover?svuipk  |b https://core.palmknihy.cz/api/books/366228/cover/400?svuipk  |c https://core.palmknihy.cz/api/books/366228/cover/50?svuipk  |e 2028-03-24  |g 272  |i 9788024281506  |j https://core.palmknihy.cz/api/books/366228/preview.epub  |l   |q 49  |r 1  |s https://www.palmknihy.cz/kniha/366228  |t ebook  |y 2022  |z 0  |v Universum  |w 0 
999 |d 311800